000 00875nam a2200337 a 4500
003 AR-BaBNM
005 20251128203446.0
008 082120s2002 ||||||||||||||000 | spa||
040 _cAR-BaBNM
100 1 _aSánchez-Albornoz, Claudio
245 0 0 _aEspaña, un enigma histórico
_n2
250 _a1ª ed.
260 _aBuenos Aires
_bSudamericana
_c1956
300 _a767 p.
_bláms., il., mapas
500 _aContiene índice de nombres de los dos tomos p. 749-764
500 _aIndice temático p. 701-748
650 4 _aINSTITUCIONES
650 4 _aSOCIEDAD
650 4 _aECONOMIA
650 4 _aRELIGION
650 4 _aHISTORIA EUROPEA
650 4 _aCRISTIANISMO
650 4 _aJUDAISMO
650 4 _aFEUDALISMO
650 4 _aHISTORIA MEDIEVAL
650 4 _aGUERRA
650 4 _aREVOLUCION
651 4 _aEspaña
942 _cBK
998 _cmariana
999 _c3481
_d3481